000 00432nam a22001457a 4500
005 20240309124125.0
008 240309b ||||| |||| 00| 0 eng d
040 _cAL
041 _aeng
082 _223
_a665.5
_bINDI
100 _aTeena George
_9153631
245 _aIndian Oil Corporation Marketing Division Cochin:
_bIOC With Special Reference to Marketing
260 _aMangalore
_bSt Aloysius College
_c1997
942 _2ddc
_cPRO
999 _c230193
_d230193